Advanced strength of materials (Record no. 6074)

000 -LEADER
fixed length control field 00525nam a2200193 4500
001 - CONTROL NUMBER
control field 6074
003 - CONTROL NUMBER IDENTIFIER
control field BD-DhHUET
008 - FIXED-LENGTH DATA ELEMENTS--GENERAL INFORMATION
fixed length control field 790809s1952 nyua 001 0 eng
020 ## - INTERNATIONAL STANDARD BOOK NUMBER
International Standard Book Number 070164002
040 ## - CATALOGING SOURCE
Original cataloging agency DLC
Transcribing agency DLC
Modifying agency BD-DhHUET
082 ## - DEWEY DECIMAL CLASSIFICATION NUMBER
Classification number 620.11
Item number DEN/1952
100 1# - MAIN ENTRY--PERSONAL NAME
Personal name Den Hartog, J. P.
245 10 - TITLE STATEMENT
Title Advanced strength of materials
Statement of responsibility, etc. by Den Hartog, J. P.
250 ## - EDITION STATEMENT
Edition statement 1st ed.
260 ## - PUBLICATION, DISTRIBUTION, ETC. (IMPRINT)
Place of publication, distribution, etc. New York
Name of publisher, distributor, etc. McGraw-Hill
Date of publication, distribution, etc. 1952
300 ## - PHYSICAL DESCRIPTION
Extent ix,379 p.
Other physical details illus.
Dimensions 24 cm.
650 #0 - SUBJECT ADDED ENTRY--TOPICAL TERM
Topical term or geographic name as entry element Strength of materials: engineering
942 ## - ADDED ENTRY ELEMENTS (KOHA)
Koha item type General Book
Holdings
Price effective from Koha item type Koha full call number Date acquired Piece designation (barcode) Koha normalized classification for sorting Withdrawn status Location (home branch) Source of classification or shelving scheme Damaged status Shelving location Not for loan Sublocation or collection (holding branch) Koha date last seen Copy number Lost status
2014-11-30General Book620.11/DEN/19522014-11-3087925620_000000000000000_11DEN1952 Central Library, BUET  Circulation section Central Library, BUET2014-11-301 
2015-04-23General Book620.11/DEN/19522015-04-2329906620_110000000000000_DEN_1952 Central Library, BUET  Circulation section Central Library, BUET2015-04-232 
2015-04-23General Book620.11/DEN/19522015-04-2329901620_110000000000000_DEN_1952 Central Library, BUET  Circulation section Central Library, BUET2015-04-233 
2015-04-23General Book620.11/DEN/19522015-04-2334760620_110000000000000_DEN_1952 Central Library, BUET  Circulation section Central Library, BUET2015-04-234 
2015-04-23General Book620.11/DEN/19522015-04-2329903620_110000000000000_DEN_1952 Central Library, BUET  Circulation section Central Library, BUET2015-04-235 
2015-04-23General Book620.11/DEN/19522015-04-2334761620_110000000000000_DEN_1952 Central Library, BUET  Circulation section Central Library, BUET2015-04-236 
2015-04-23General Book620.11/DEN/19522015-04-2329908620_110000000000000_DEN_1952 Central Library, BUET  Circulation section Central Library, BUET2015-04-237 
2015-04-23General Book620.11/DEN/19522015-04-2329905620_110000000000000_DEN_1952 Central Library, BUET  Circulation section Central Library, BUET2015-04-238 
2015-04-23General Book620.11/DEN/19522015-04-2329904620_110000000000000_DEN_1952 Central Library, BUET  Circulation section Central Library, BUET2015-04-239 
2015-04-25General Book620.11/DEN/19522015-04-2534762620_110000000000000_DEN_1952 Central Library, BUET  Circulation section Central Library, BUET2015-04-2510 
2015-04-25General Book620.11/DEN/19522015-04-2529907620_110000000000000_DEN_1952 Central Library, BUET  Circulation section Central Library, BUET2015-04-2511